| 000 | 00765nam a2200181 a 4500 | ||
|---|---|---|---|
| 003 | 0 | ||
| 005 | 20250513113227.0 | ||
| 008 | 970101s19uu xx 00 eng d | ||
| 050 |
_aPHS HQ 799.2.I5 _b.C67 2004 |
||
| 100 | _aCosina, Jaizalynn. | ||
| 245 |
_aA Comparative study between male and female student of Bloomfield Academy on the effects of internet chatting on their academic performance / _cJaizalynn Cosina. |
||
| 260 |
_aLas PiƱas City, Philippines : _bSouthville International School and Colleges, _c2004. |
||
| 300 |
_a36 pages : _billustrations ; _c28 cm. |
||
| 650 |
_aInternet and teenagers _zPhilippines. |
||
| 650 |
_aOnline chat groups _xSocial aspects _zPhilippines. |
||
| 650 |
_aInternet _xPsychological aspects _zPhilippines. |
||
| 942 |
_2lcc _cPASS |
||
| 999 |
_c97104 _d97104 |
||